Teddy bear magic : making adorable teddy bears from Anita Louise's bearlace cottage
| Main Author: | |
|---|---|
| Format: | Book |
| Published: |
New York :
A Sterling Publishing ,
1995
|
| Subjects: |
MARC
| LEADER | 00000cam a2200000 7i4500 | ||
|---|---|---|---|
| 001 | 0000007491 | ||
| 002 | 000008050 | ||
| 005 | 20000330.0 | ||
| 020 | |a 0806909927 | ||
| 090 | 0 | 0 | |a 745.5924 |b CRA |
| 100 | 1 | |a Crane, Anita Louise | |
| 245 | 1 | 0 | |a Teddy bear magic : |b making adorable teddy bears from Anita Louise's bearlace cottage |
| 260 | |a New York : |b A Sterling Publishing , |c 1995 | ||
| 300 | |a p.v ; |c 28cm. | ||
| 650 | 0 | 0 | |a Handicraft |
| 650 | 0 | 0 | |a Soft toy making |
| 999 | |a 051997 |b BUKU |c PINJAMAN |e PERPUSTAKAAN KOMUNITI PETALING JAYA | ||